000
00262nam a2200109Ia 4500
008
230907s9999||||xx |||||||||||||| ||und||
082
_a
620.104
_b
HIB
245
0
_a
Mechanics of materials /
260
_a
Pearson,
_b
Noida :
_c
2018
300
_a
874 p.
942
_c
BK
999
_c
601464
_d
601464